000 00704nam a2200253Ia 4500
003 OSt
005 20221005052055.0
006 a|||||r|||| 00| 0
007 ta
008 221004b |||||||| |||| 00| 0 eng d
020 _a0701124768 (hbk)
024 _a121200
037 _bGift, 15/09/2012,
_cTextual
040 _aCRL
_cCRL
_beng
041 _2eng
_aeng
082 _aV2.N52<-N21, M7
100 _aChaudhuri Nirad C
245 0 _aThy hand, great anarch
_b India
260 _aLondon
_bChatto and Windus UK
_c1987
300 _a979p.
_ccm.
650 _aHISTORY
942 _hV2.N52<-N21, M7
_cTEXL
_2cc
999 _c959744
_d959744